[Event "Karl Mala Memorial op 09th"]
[Site "Frankfurt"]
[Date "2005.07.31"]
[Round "7"]
[White "Geringer, Waldemar"]
[Black "Goesswein, Dorothee"]
[Result "1-0"]
[WhiteElo "1577"]
[BlackElo "1379"]
[PlyCount "69"]
[EventDate "2005.07.28"]
[EventType "swiss"]
[EventRounds "7"]
[EventCountry "GER"]
[SourceTitle "EXT 2006"]
[Source "ChessBase"]
[SourceDate "2005.11.24"]
[SourceVersion "1"]
[SourceVersionDate "2005.11.24"]
[SourceQuality "1"]

1. d4 Nf6 2. c4 g6 3. g3 Bg7 4. Bg2 0-0 5. e4 d6 6. Be3 Nc6 7. Nc3 e5 8. d5 Ne7 9. f3 Nd7 10. Qd2 Nb6 11. b3 f5 12. Bh6 fxe4 13. Nxe4 Nf5 14. Bxg7 Kxg7 15. g4 Nd4 16. h4 h6 17. Qd3 c6 18. dxc6 bxc6 19. h5 g5 20. Ne2 c5 21. 0-0-0 Ba6 22. N4c3 Qf6 23. f4 Rab8 24. fxe5 Nxe2+ 25. Nxe2 dxe5 26. Rhf1 Qe6 27. Qd6 Rfe8 28. Be4 Nxc4 29. Qxe6 Rxe6 30. Rd7+ Kg8 31. Bd5 Ne3 32. Bxe6+ Kh8 33. Rff7 Kg8 34. Rf6+ Kh8 35. Rxh6# 1-0

[Event "Karl Mala Memorial op 09th"]
[Site "Frankfurt"]
[Date "2005.07.29"]
[Round "3"]
[White "Goesswein, Dorothee"]
[Black "Henrich, Gerhard"]
[Result "1-0"]
[WhiteElo "1379"]
[BlackElo "820"]
[PlyCount "59"]
[EventDate "2005.07.28"]
[EventType "swiss"]
[EventRounds "7"]
[EventCountry "GER"]
[SourceTitle "EXT 2006"]
[Source "ChessBase"]
[SourceDate "2005.11.24"]
[SourceVersion "1"]
[SourceVersionDate "2005.11.24"]
[SourceQuality "1"]

1. e4 e5 2. Nf3 Nc6 3. Bc4 Nf6 4. Ng5 d5 5. exd5 Nxd5 6. d4 f6 7. Qh5+ g6 8. Qf3 fxg5 9. Bxd5 Bf5 10. g4 Nxd4 11. Qg2 Nxc2+ 12. Kf1 Nxa1 13. gxf5 c6 14. Bc4 gxf5 15. Qf3 Qf6 16. Qh5+ Ke7 17. Bxg5 Bg7 18. Bxf6+ Bxf6 19. Qf7+ Kd6 20. Qxf6+ Kc5 21. b3 Rhe8 22. Rg1 Rad8 23. Ke2 Nc2 24. Rg7 Nd4+ 25. Kf1 b5 26. Be2 Rd6 27. Qf7 Red8 28. Qxa7+ Kd5 29. Nc3+ Ke6 30. Qe7# 1-0

[Event "Frankfurt-ch"]
[Site "Frankfurt"]
[Date "2005.05.23"]
[Round "4"]
[White "Witt, Holger"]
[Black "Goesswein, Dorothee"]
[Result "0-1"]
[WhiteElo "1476"]
[BlackElo "1288"]
[PlyCount "100"]
[EventDate "2005.04.25"]
[EventType "swiss"]
[EventRounds "7"]
[EventCountry "GER"]
[SourceTitle "EXT 2006"]
[Source "ChessBase"]
[SourceDate "2005.11.24"]
[SourceVersion "1"]
[SourceVersionDate "2005.11.24"]
[SourceQuality "1"]

1. e4 c5 2. Nf3 Nc6 3. d4 cxd4 4. Nxd4 e5 5. Nb3 Be7 6. Nc3 Bg5 7. Bd2 Bxd2+ 8. Qxd2 Nf6 9. 0-0-0 0-0 10. f3 a5 11. Kb1 a4 12. Nc1 Qb6 13. h4 Rd8 14. Nd5 Nxd5 15. exd5 Nd4 16. Bd3 d6 17. Ne2 Qc5 18. Nxd4 Qxd4 19. Be4 Qc4 20. g4 Bd7 21. h5 Rdc8 22. g5 a3 23. b3 Qc3 24. Qxc3 Rxc3 25. Rd3 Rac8 26. Rxc3 Rxc3 27. Bd3 g6 28. h6 Bf5 29. Be4 Bxe4 30. fxe4 Re3 31. Kc1 Rxe4 32. Rg1 b5 33. Kd2 Rd4+ 34. Ke2 Rxd5 35. Rg4 Kf8 36. c4 bxc4 37. Rxc4 Ke7 38. Ra4 Ke6 39. Rxa3 Kf5 40. b4 Rb5 41. Rb3 d5 42. a4 Rb8 43. b5 d4 44. Rf3+ Ke4 45. Rxf7 d3+ 46. Kd2 Rc8 47. Rxh7 Rc2+ 48. Kd1 Ke3 49. Rd7 Ra2 50. h7 Ra1# 0-1

[Event "Frankfurt-ch"]
[Site "Frankfurt"]
[Date "2005.04.25"]
[Round "1"]
[White "Goesswein, Dorothee"]
[Black "Schirmer, Karl Heinz"]
[Result "0-1"]
[WhiteElo "1288"]
[BlackElo "1846"]
[PlyCount "86"]
[EventDate "2005.04.25"]
[EventType "swiss"]
[EventRounds "7"]
[EventCountry "GER"]
[SourceTitle "EXT 2006"]
[Source "ChessBase"]
[SourceDate "2005.11.24"]
[SourceVersion "1"]
[SourceVersionDate "2005.11.24"]
[SourceQuality "1"]

1. e4 e6 2. d4 d5 3. e5 c5 4. Bb5+ Bd7 5. Bxd7+ Nxd7 6. Ne2 Qb6 7. c3 f6 8. f4 Nh6 9. Ng3 0-0-0 10. a4 a5 11. Na3 cxd4 12. cxd4 Bb4+ 13. Ke2 Kb8 14. Nb5 Rc8 15. Bd2 Be7 16. Bc3 Rhf8 17. Qd2 Qc6 18. Rhc1 Qc4+ 19. Ke1 fxe5 20. Bxa5 Qb3 21. Rxc8+ Rxc8 22. Bc3 e4 23. Qd1 Qxd1+ 24. Kxd1 Nf5 25. Nxf5 exf5 26. Rc1 Nf6 27. Ba5 Rxc1+ 28. Kxc1 Ng4 29. h3 Ne3 30. g3 Kc8 31. Bc7 Kd7 32. Be5 g6 33. Nc3 Kc6 34. Ne2 Bb4 35. Nc3 h5 36. Nd1 Nf1 37. Kc2 Nxg3 38. Kb3 Bd6 39. Ne3 Ne2 40. Ng2 Bxe5 41. fxe5 f4 42. Kc2 f3 43. Ne3 Nxd4+ 0-1

[Event "Karl Mala Memorial op 08th"]
[Site "Frankfurt"]
[Date "2004.07.25"]
[Round "7"]
[White "Goesswein, Dorothee"]
[Black "Rondio, Thomas"]
[Result "1/2-1/2"]
[WhiteElo "1331"]
[BlackElo "1722"]
[PlyCount "40"]
[EventDate "2004.07.22"]
[EventType "swiss"]
[EventRounds "7"]
[EventCountry "GER"]
[SourceTitle "EXT 2005"]
[Source "ChessBase"]
[SourceDate "2004.11.15"]
[SourceVersion "1"]
[SourceVersionDate "2004.11.15"]
[SourceQuality "1"]

1. e4 e5 2. Nf3 Nc6 3. Bb5 a6 4. Ba4 Nf6 5. 0-0 Be7 6. c3 b5 7. Bc2 0-0 8. d4 exd4 9. cxd4 Nb4 10. Re1 Nxc2 11. Qxc2 Bb7 12. Bf4 Rc8 13. Nbd2 Re8 14. d5 Nh5 15. Be3 c5 16. b3 Qc7 17. Rab1 Nf6 18. Nf1 Bd6 19. Bg5 Ng4 20. Re2 Ne5 1/2-1/2

[Event "Karl Mala Memorial op 08th"]
[Site "Frankfurt"]
[Date "2004.07.24"]
[Round "5"]
[White "Plietz, Burckhard"]
[Black "Goesswein, Dorothee"]
[Result "0-1"]
[WhiteElo "1271"]
[BlackElo "1331"]
[PlyCount "140"]
[EventDate "2004.07.22"]
[EventType "swiss"]
[EventRounds "7"]
[EventCountry "GER"]
[SourceTitle "EXT 2005"]
[Source "ChessBase"]
[SourceDate "2004.11.15"]
[SourceVersion "1"]
[SourceVersionDate "2004.11.15"]
[SourceQuality "1"]

1. f4 Nf6 2. Nf3 e6 3. e3 Be7 4. Be2 0-0 5. 0-0 c5 6. a4 a5 7. c4 d5 8. d4 dxc4 9. Bxc4 cxd4 10. Qxd4 Nc6 11. Qxd8 Rxd8 12. Bb5 Nb4 13. Na3 Bc5 14. Ng5 Bd7 15. b3 Nfd5 16. Nc4 Bxb5 17. axb5 b6 18. g3 Nc3 19. Kf2 Nxb5 20. Bb2 Nd5 21. Kf3 Nd6 22. Nxd6 Rxd6 23. Ne4 Nxe3 24. Nxd6 Nxf1 25. Rxf1 Bxd6 26. Rd1 Bc5 27. Rd7 a4 28. bxa4 Rxa4 29. Be5 Ra8 30. Rb7 h6 31. Rb8+ Rxb8 32. Bxb8 f5 33. Be5 Kf7 34. g4 b5 35. Bb2 g6 36. h4 fxg4+ 37. Kxg4 Be3 38. Kf3 Bg1 39. Kg2 Bc5 40. Kf3 Ke7 41. Kg4 Kd6 42. h5 gxh5+ 43. Kxh5 Kd5 44. Kxh6 Bd4 45. Ba3 Bc5 46. Bb2 b4 47. Kg6 b3 48. f5 exf5 49. Kxf5 Kc4 50. Ke4 Bb4 51. Ke3 Bc3 52. Ba3 Kb5 53. Kd3 Bf6 54. Bc1 Kb4 55. Bd2+ Ka3 56. Bc1+ Bb2 57. Bd2 Ka2 58. Kc4 Bf6 59. Bc1 Bg5 60. Bxg5 b2 61. Bf6 b1Q 62. Bc3 Qb3+ 63. Kd4 Qa4+ 64. Kd5 Kb3 65. Bd4 Qd7+ 66. Ke4 Kc4 67. Be5 Qe6 68. Kf4 Kd5 69. Bb2 Qe4+ 70. Kg3 Qe3+ 0-1

[Event "Karl Mala Memorial op 08th"]
[Site "Frankfurt"]
[Date "2004.07.23"]
[Round "2"]
[White "Goesswein, Dorothee"]
[Black "Jamali, Wahid"]
[Result "0-1"]
[WhiteElo "1331"]
[BlackElo "1623"]
[PlyCount "42"]
[EventDate "2004.07.22"]
[EventType "swiss"]
[EventRounds "7"]
[EventCountry "GER"]
[SourceTitle "EXT 2005"]
[Source "ChessBase"]
[SourceDate "2004.11.15"]
[SourceVersion "1"]
[SourceVersionDate "2004.11.15"]
[SourceQuality "1"]

1. e4 e6 2. d4 d5 3. exd5 exd5 4. c4 dxc4 5. Bxc4 Nf6 6. Nf3 Bg4 7. Be3 c6 8. 0-0 Bd6 9. Re1 0-0 10. Nc3 Qc7 11. Qd2 Bxf3 12. gxf3 Bxh2+ 13. Kf1 Bd6 14. d5 cxd5 15. Bxd5 Nxd5 16. Rac1 Nxc3 17. Rxc3 Nc6 18. a3 Rad8 19. Qc2 Qd7 20. Bc5 Qh3+ 21. Ke2 Bxc5 0-1